Excellence in teaching with the seven laws : (Record no. 35220)
[ view plain ]
| 000 -LEADER | |
|---|---|
| fixed length control field | 00957nam a22002651a 4500 |
| 001 - CONTROL NUMBER | |
| control field | 4762677 |
| 005 - DATE AND TIME OF LATEST TRANSACTION | |
| control field | 20170427020003.0 |
| 008 - FIXED-LENGTH DATA ELEMENTS--GENERAL INFORMATION | |
| fixed length control field | 851120s1985 miu 000 0 eng |
| 010 ## - LIBRARY OF CONGRESS CONTROL NUMBER | |
| LC control number | 85231312 |
| 020 ## - INTERNATIONAL STANDARD BOOK NUMBER | |
| International Standard Book Number | 0801082617 |
| Terms of availability | |
| -- | .95 |
| 040 ## - CATALOGING SOURCE | |
| Original cataloging agency | DLC |
| Transcribing agency | DLC |
| Modifying agency | DLC |
| 050 00 - LIBRARY OF CONGRESS CALL NUMBER | |
| Classification number | LB1025 |
| Item number | .G83 1985 |
| 082 00 - DEWEY DECIMAL CLASSIFICATION NUMBER | |
| Classification number | LB 1025.G83 1985 |
| Edition number | 19 |
| 100 1# - MAIN ENTRY--PERSONAL NAME | |
| Personal name | Gregory, John Milton, |
| Dates associated with a name | 1822-1898. |
| 245 10 - TITLE STATEMENT | |
| Title | Excellence in teaching with the seven laws : |
| Remainder of title | a contemporary abridgment of Gregory's Seven laws of teaching / |
| Statement of responsibility, etc | Carl Shafer, editor. |
| Medium | [Text] |
| 260 ## - PUBLICATION, DISTRIBUTION, ETC. (IMPRINT) | |
| Place of publication, distribution, etc | Grand Rapids, Mich. |
| Name of publisher, distributor, etc | Baker Book House |
| Date of publication, distribution, etc | c1985 |
| 300 ## - PHYSICAL DESCRIPTION | |
| Extent | 96 p. ; 21 cm. |
| 500 ## - GENERAL NOTE | |
| General note | Rev. ed. of: The seven laws of teaching. 1954. |
| 650 #0 - SUBJECT ADDED ENTRY--TOPICAL TERM | |
| Topical term or geographic name as entry element | Teaching. |
| 700 1# - ADDED ENTRY--PERSONAL NAME | |
| Personal name | Shafer, Carl. |
| 700 1# - ADDED ENTRY--PERSONAL NAME | |
| Personal name | Gregory, John Milton, |
| Dates associated with a name | 1822-1898. |
| Title of a work | Seven laws of teaching. |
| 906 ## - LOCAL DATA ELEMENT F, LDF (RLIN) | |
| a | 7 |
| b | cbc |
| c | orignew |
| d | 3 |
| e | ncip |
| f | 19 |
| g | y-gencatlg |
| 991 ## - | |
| -- | c-GenColl |
| -- | LB1025 |
| -- | .G83 1985 |
| -- | 0006013196A |
| -- | Copy 1 |
| -- | BOOKS |
| 942 00 - ADDED ENTRY ELEMENTS (KOHA) | |
| Koha issues (borrowed), all copies | 6 |
| Withdrawn status | Lost status | Source of classification or shelving scheme | Damaged status | Not for loan | Collection code | Home library | Current library | Shelving location | Date acquired | Cost, normal purchase price | Total Checkouts | Total Renewals | Full call number | Barcode | Date last seen | Date checked out | Copy number | Price effective from | Koha item type |
|---|---|---|---|---|---|---|---|---|---|---|---|---|---|---|---|---|---|---|---|
| Library of Congress Classification | General Circulation | AIU/NEGST - Tony Wilmot Memorial Library | AIU/NEGST - Tony Wilmot Memorial Library | General Stacks | 01/27/2010 | 1.12 | 10 | 2 | LB 1025.G83 1985 | R20472N3232 | 02/11/2023 | 02/04/2023 | 1 | 01/27/2010 | Books |
